[Event "Karaj Alborz Parsa School"]
[Site "Karaj"]
[Date "2017.10.29"]
[Round "2.4"]
[White "Jabari, Ali"]
[Black "Salehi, Ashkan"]
[Result "0-1"]
[WhiteElo "1196"]
[BlackElo "1711"]
[PlyCount "36"]
[EventDate "2017.10.12"]
[EventType "swiss"]
[EventRounds "9"]
[EventCountry "IRI"]
[SourceTitle "EXT 2024"]
[Source "ChessBase"]
[SourceDate "2023.10.10"]
[SourceVersion "1"]
[SourceVersionDate "2023.10.10"]
[SourceQuality "1"]

1. e4 c5 2. Nc3 e6 3. Bc4 g6 4. Nf3 Bg7 5. d4 cxd4 6. Nb5 d5 7. exd5 exd5 8. Bxd5 Qa5+ 9. Nc3 dxc3 10. b3 Ne7 11. Bc4 0-0 12. Qe2 Nbc6 13. 0-0 Ne5 14. Re1 Bg4 15. Bf4 Bxf3 16. gxf3 N7c6 17. Bxe5 Qxe5 18. Qxe5 Nxe5 0-1